Partidos del AMBA - Estadísticas

Estadísticas generales
  • Esta prueba ha sido intentada 221 veces
  • La puntuación promedio es 23 de 40
Estadísticas de respuestas
Respuesta % Correcto
La Matanza
87%
Avellaneda
84%
Lanús
84%
Quilmes
82%
Tigre
82%
San Isidro
78%
Vicente López
75%
La Plata
74%
Lomas de Zamora
74%
Morón
74%
San Fernando
74%
Berazategui
71%
Moreno
68%
Pilar
67%
Tres de Febrero
66%
Ezeiza
63%
Hurlingham
63%
Ituzaingó
60%
Florencio Varela
59%
Escobar
55%
Malvinas Argentinas
54%
Merlo
54%
Almirante Brown
53%
Berisso
53%
San Miguel
53%
José C. Paz
51%
Cañuelas
49%
Ensenada
49%
General Rodríguez
49%
Presidente Perón
49%
General San Martín
48%
Campana
47%
Esteban Echeverría
47%
Zárate
47%
Luján
43%
San Vicente
40%
Marcos Paz
39%
Brandsen
23%
Exaltación de la Cruz
17%
General Las Heras
15%
No se encontraron pruebas coincidentes
Distribución de puntuación
Porcentaje de gente con cada puntuación
Porcentaje por número respondido
Historial de tus puntuaciones
No has intentado esta prueba.